<?xml version="1.0" encoding="UTF-8"?>
<record
    xmlns:xsi="http://www.w3.org/2001/XMLSchema-instance"
    xsi:schemaLocation="http://www.loc.gov/MARC21/slim http://www.loc.gov/standards/marcxml/schema/MARC21slim.xsd"
    xmlns="http://www.loc.gov/MARC21/slim">

  <leader>01038nam a2200265 i 4500</leader>
  <controlfield tag="001">10778</controlfield>
  <controlfield tag="003">ES-MaACL</controlfield>
  <controlfield tag="005">20250912122410.0</controlfield>
  <controlfield tag="007">t|</controlfield>
  <controlfield tag="008">881031s1986    sp ah        |||| | spa</controlfield>
  <datafield tag="080" ind1=" " ind2=" ">
    <subfield code="a">860-32"19"</subfield>
  </datafield>
  <datafield tag="100" ind1="1" ind2=" ">
    <subfield code="a">Roso de Luna, Mario,</subfield>
    <subfield code="d">1872-1931</subfield>
    <subfield code="9">99794</subfield>
  </datafield>
  <datafield tag="245" ind1="1" ind2="3">
    <subfield code="a">El misterio de Quirico ; </subfield>
    <subfield code="b">En suspensi&#xF3;n de pagos ; El mal karma de M&#xAA; del Esp&#xED;ritu Santo Moreno / </subfield>
    <subfield code="c">Mario Roso de Luna ; introducci&#xF3;n de Esteban Cortijo.</subfield>
  </datafield>
  <datafield tag="246" ind1="3" ind2=" ">
    <subfield code="a">En suspensi&#xF3;n de pagos</subfield>
  </datafield>
  <datafield tag="260" ind1=" " ind2=" ">
    <subfield code="a">Badajoz : </subfield>
    <subfield code="b">Departamento de Publicaciones de la Excma. Diputaci&#xF3;n,</subfield>
    <subfield code="c">1986.</subfield>
  </datafield>
  <datafield tag="300" ind1=" " ind2=" ">
    <subfield code="a">112 p : </subfield>
    <subfield code="b">il. col. y n. ; </subfield>
    <subfield code="c">22 cm.</subfield>
  </datafield>
  <datafield tag="490" ind1="1" ind2=" ">
    <subfield code="a">Ra&#xED;ces ; </subfield>
    <subfield code="v">2</subfield>
  </datafield>
  <datafield tag="594" ind1=" " ind2=" ">
    <subfield code="a">"Facs&#xED;mil de La novela corta y La novela semanal, 1924-25"</subfield>
  </datafield>
  <datafield tag="700" ind1="0" ind2=" ">
    <subfield code="a">Cortijo Parralejo, Esteban, </subfield>
    <subfield code="d">1952-</subfield>
    <subfield code="9">40933</subfield>
  </datafield>
  <datafield tag="710" ind1="1" ind2=" ">
    <subfield code="a">Badajoz (Provincia). </subfield>
    <subfield code="b">Diputaci&#xF3;n Provincial</subfield>
    <subfield code="9">2081</subfield>
  </datafield>
  <datafield tag="740" ind1="3" ind2="2">
    <subfield code="a">El mal karma de M&#xAA; del Esp&#xED;ritu Santo Moreno.</subfield>
  </datafield>
  <datafield tag="830" ind1="1" ind2=" ">
    <subfield code="a">Ra&#xED;ces ; </subfield>
    <subfield code="v">2</subfield>
    <subfield code="9">178830</subfield>
  </datafield>
  <datafield tag="852" ind1=" " ind2=" ">
    <subfield code="a">ES-MaACL</subfield>
    <subfield code="j">L-18158</subfield>
  </datafield>
  <datafield tag="999" ind1=" " ind2=" ">
    <subfield code="c">10778</subfield>
    <subfield code="d">10778</subfield>
  </datafield>
  <datafield tag="952" ind1=" " ind2=" ">
    <subfield code="0">0</subfield>
    <subfield code="1">0</subfield>
    <subfield code="4">0</subfield>
    <subfield code="7">0</subfield>
    <subfield code="a">ATENEOM</subfield>
    <subfield code="b">ATENEOM</subfield>
    <subfield code="c">DEPO2</subfield>
    <subfield code="d">2008-01-17</subfield>
    <subfield code="e">SC</subfield>
    <subfield code="l">0</subfield>
    <subfield code="o">L-18158</subfield>
    <subfield code="p">1010995</subfield>
    <subfield code="r">2023-02-23 00:00:00</subfield>
    <subfield code="w">2023-02-23</subfield>
    <subfield code="y">MONOGRAFIA</subfield>
  </datafield>
</record>
